000
00217nam a22000857a 4500
008
161213b xxu||||| |||| 00| 0 eng d
100
_9
2042
_a
Pillai.R.
245
_a
Corporate Chanakya
260
_a
Australia
_b
ACER Press
_c
2013
999
_c
4916
_d
4916